000 00418nam a2200181Ia 4500
001 15803
005 20260306170223.0
008 260306t2002||||xx |||||||||||||| ||und||
041 _aESP
082 _a620.11
_bB32
100 _aBedford, Anthony
_eAUT
245 0 _aMécanica de materiales
260 _c2002
300 _a620 páginas :
_c21 cm.
650 _aGEN
654 _aCIC
942 _cLIB
_dJUS
_fJUS
_2ddc
_n
999 _c15803
_d15803